| 000 | 01361nam a2200301 a 4500 | ||
|---|---|---|---|
| 003 | CO-BoRNBP | ||
| 005 | 20241002114120.0 | ||
| 007 | ta | ||
| 008 | 081119s2007 ck gr 00010 spa d | ||
| 020 | _a9789588297354 | ||
| 040 |
_aCO-BoBLA _bspa _cCO-BoBLA |
||
| 043 | _as-ck--- | ||
| 082 | 0 | 4 |
_a303.6 _bI57v1 _221 |
| 110 | 2 |
_aInstituto Interamericano de Derechos Humanos. _942631 |
|
| 245 | 1 | 0 |
_aVerdad, justicia y reparación : _batención integral a víctimas de violaciones graves a los derechos humanos, taller psicojurídico / _cInstituto Interamericano de Derechos Humanos. |
| 250 | _aEditoras Lucrecia Molina Theissen, Helda Martínez. | ||
| 300 |
_a183 p. ; _c23 cm. + _e1 CD-Rom. |
||
| 336 |
_2rdacontent _atexto _btxt |
||
| 337 |
_2rdamedia _asin mediación _bn |
||
| 338 |
_2rdacarrier _avolumen _bnc |
||
| 610 | 2 | 7 |
_aProvincia Mexicana del Santo Evangelio de México (Ciudad de México) _z Colombia. _942632 |
| 650 | 7 |
_aViolación de los derechos humanos _zColombia. _2BLAAUTO _942633 |
|
| 700 | 1 |
_aMolina Theissen, Lucrecia, _eed. _942634 |
|
| 700 | 1 |
_aMartínez, Helda, _eed. _942635 |
|
| 776 | 0 | _iEl CD-rom contiene el taller especializado sobre atención integral a víctimas de violaciones gravea a los derechos humanos en el litigio de casos (Bogotá, Colombia 16, 17 y 18 de Agosto de 2006) | |
| 942 |
_2ddc _cBK |
||
| 949 |
_an _bn |
||
| 999 |
_c38381 _d38381 |
||